Loading...

Grihaduran /

Bibliographic Details
Main Author: Narayanan Thonnakkal
Format: Printed Book
Language:Malayalam
Published: Narayanan Thonnakkal , 1991.
Subjects:
LEADER 00484nam a2200145Ia 4500
008 150624b xxu||||| |||| 00| p mal d
082 |a 851.86N1 
100 |a Narayanan Thonnakkal 
245 |c Narayanan Thonnakkal  |a Grihaduran / 
260 |b Narayanan Thonnakkal ,  |c 1991. 
546 |a In Malayalam. 
650 |v Poetry 
942 |c BK 
999 |c 82863  |d 82863 
952 |0 0  |1 0  |4 0  |6 851_000000000000000_86N1_GRU_M  |7 0  |9 82807  |a UL  |b UL  |c ST2  |d 1998-09-15  |l 0  |o 851.86N1 GRU M  |p 65683  |r 2012-10-27  |w 2012-10-27  |y BK